00532 a2200121 450000500170000010000220001724501510003925000080019026000540019894200070025299900190025995201320027820260327125802.0 aBhende S.9217320 aआधुनिक महाराष्ट्राची जडणघडण शिल्पकार चरित्रकोश खंड : २ a1st bSaptahik Vivek Hindusthan Prakashan Samsthac2009 cAR c370783d370783 00102ddc4070aCCEPbCCEPd2026-02-28e223g375.00l0o730.92 BHEpCCEP-BK-70463r2026-02-28 00:00:00v375.00w2026-02-28yBK